Welcome to CU Library Online Public Access Catalogue (OPAC)

Economics and management of organizations: (Record no. 5299)

MARC details
000 -LEADER
fixed length control field 00424nam a22001457a 4500
005 - DATE AND TIME OF LATEST TRANSACTION
control field 20250328125006.0
008 - FIXED-LENGTH DATA ELEMENTS--GENERAL INFORMATION
fixed length control field 250328b |||||||| |||| 00| 0 eng d
020 ## - INTERNATIONAL STANDARD BOOK NUMBER
International Standard Book Number 9780077099923
050 ## - LIBRARY OF CONGRESS CALL NUMBER
Classification number HD 30.22 HEN
Item number 1
100 ## - MAIN ENTRY--PERSONAL NAME
Personal name HENDRIKSE, George
245 ## - TITLE STATEMENT
Title Economics and management of organizations:
Remainder of title Co-ordination, motivation and strategy
260 ## - PUBLICATION, DISTRIBUTION, ETC.
Place of publication, distribution, etc. London
Name of publisher, distributor, etc. Mcgraw- Hill
Date of publication, distribution, etc. 2003
300 ## - PHYSICAL DESCRIPTION
Extent xx,507p
942 ## - ADDED ENTRY ELEMENTS (KOHA)
Source of classification or shelving scheme Library of Congress Classification
Koha item type Books
Suppress in OPAC No
999 ## -
-- 5299
-- 5299
Holdings
Withdrawn status Lost status Source of classification or shelving scheme Damaged status Not for loan Collection Home library Current library Shelving location Date acquired Total checkouts Full call number Barcode Date last seen Copy number Price effective from Koha item type
    Library of Congress Classification     Non-fiction Graduate Library (Christ Temple) Graduate Library (Christ Temple) General stacks 03/28/2025   HD 30.22HEN GSCT00000920 03/28/2025 1 03/28/2025 Books
    Library of Congress Classification     Non-fiction Graduate Library (Christ Temple) Graduate Library (Christ Temple) General stacks 03/28/2025   HD 30.22HEN GSCT00000921 03/28/2025 2 03/28/2025 Books
    Library of Congress Classification     Non-fiction Undergraduate Library (Christ Temple) Undergraduate Library (Christ Temple) General stacks 04/16/2025   HD 30.22 HEN ulct00002136 04/16/2025 1 04/16/2025 Books
© 2023-2024 Copyright: Central University Libraries. All Rights Reserved | Created by: Mahone Tech Office